Vysielanie zamestnancov z krajín EÚ na Slovensko

Občania členských štátov Európskeho hospodárskeho priestoru majú právo na slobodný pohyb osôb, vrátane práva žiť a pracovať v inom členskom štáte. Pravidlá podľa nariadenia Rady EHS č. 1612/68. Povinnosti zamestnávateľa pri zamestnávaní občana členského štátu EÚ.

Uložené v:
Podrobná bibliografia
Hlavný autor: Mrukviová Tomiová, Sandra
Médium: Kapitola
Jazyk:Slovak
Predmet:
Tagy: Pridať tag
Žiadne tagy, Buďte prvý, kto otaguje tento záznam!

MARC

LEADER 00000naa a2200000 4500
001 0273004
005 20210413135556.9
041 0 |a slo 
044 |a SK 
245 1 0 |a Vysielanie zamestnancov z krajín EÚ na Slovensko  |c Sandra Mrukviová Tomiová 
520 |a Občania členských štátov Európskeho hospodárskeho priestoru majú právo na slobodný pohyb osôb, vrátane práva žiť a pracovať v inom členskom štáte. Pravidlá podľa nariadenia Rady EHS č. 1612/68. Povinnosti zamestnávateľa pri zamestnávaní občana členského štátu EÚ. 
610 2 0 |a zákonník práce 
610 2 0 |a vzťahy pracovnoprávne 
610 2 0 |a zamestnávatelia 
610 2 0 |a cudzinci 
610 2 0 |a právo medzinárodné 
100 1 |a Mrukviová Tomiová, Sandra